| 000 | 01489nam1a22002291i 4500 | ||
|---|---|---|---|
| 001 | rc\4389787 | ||
| 005 | 20240724144539.0 | ||
| 035 | _a(NLR Aleph) 008552909 | ||
| 090 |
_a8417554 _c8417554 |
||
| 100 | _a20130416d1967 |||y0rusy50 ca | ||
| 101 | 0 | _arus | |
| 102 | _aRU | ||
| 105 | _ay z ||||| | ||
| 200 | 1 |
_aТезисы докладов _eВып. 1- _fАН СССР. Объед. науч. совет "Физиология человека и животных". М-во здравоохранения СССР. Целиногр. мед. ин-т. М-во сел. хоз-ва СССР. Целиногр. с.-х. ин-т. VIII науч. конференция по кортико-висцеральным взаимоотношениям в физиологии, медицине и биологии, посвящ. 50-летию Великой Октябрьской соц. революции. 20-27 апр. 1967 г., Целиноград |
|
| 210 |
_aЛенинград _cНаука. Ленингр. отд-ние _d1967 |
||
| 215 | _d21 | ||
| 606 |
_aКортико-висцеральные взаимоотношения _jТезисы докладов _2psbo |
||
| 710 | 1 | 2 | _aВсесоюзная конференция по кортико-висцеральным взаимоотношениям в физиологии, медицине и биологии (1967; Целиноград) |
| 801 | 0 |
_aRU _bNLR _gpsbo |
|
| 801 | 1 |
_aRU _bELAR _2rusmarc |
|
| 852 |
_aNLR _j67-5/2501 |
||
| 942 | _cBOOK | ||